| 000 | 00740nam a2200229 a 4500 | ||
|---|---|---|---|
| 001 | BRCA_2884 | ||
| 005 | 20190320204020.0 | ||
| 008 | 111208s1934----mx-a---###---#000-0#spa-u | ||
| 050 | 4 |
_aF1391 _b.G37 1934 |
|
| 100 | 1 |
_aGarcía Granados, Rafael _d1893-1956 _98043 |
|
| 245 | 1 | 0 |
_aXochimilco _b75 ilustraciones _ctexto de Rafael García Granados. |
| 260 |
_aMéxico _bTalls. Grafs. de la Nación _c1934 |
||
| 300 |
_alvi, 72 p. _bil. _c17 cm. |
||
| 440 | 0 |
_aMonografías mexicanas de arte _n5 _98044 |
|
| 500 | _aB25 | ||
| 546 | _aTexto en : español, francés e inglés | ||
| 650 | 1 | 4 |
_aArte _zMéxico _98045 |
| 651 | 4 |
_aXochimilco (México, D. F.) _98046 |
|
| 651 | 4 |
_aMéxico _xDescripción y viajes _9103 |
|
| 902 | _aGFM | ||
| 942 |
_2lcc _cB |
||
| 999 |
_c2623 _d2623 |
||